| 000 | 00780nam a22002297a 4500 | ||
|---|---|---|---|
| 999 |
_c22518 _d22518 |
||
| 003 | AR-CdUCM | ||
| 008 | 190409b ||||| |||| 00| 0 spa d | ||
| 020 | _a9786124767647 | ||
| 040 |
_aMUNICIPALIDAD PROVINCIAL DEL CUSCO _cBIBLIOTECA MUNICIPAL DEL CUSCO |
||
| 082 |
_a869.56/P2639D _bP2639D |
||
| 100 |
_aPareja Velásquez, Julio Wilber _948402 |
||
| 245 |
_aDe la vida su canto : _bteatro amazónico peruano / _cJulio Wilber Pareja Velásquez |
||
| 260 |
_aSan Martín : _bTrazos, _c2019. |
||
| 300 |
_a149 páginas. : _c21 cm. |
||
| 500 | _aSubtítulo de la cubierta. | ||
| 650 |
_aTeatro peruano _92697 |
||
| 650 |
_aTeatro popular peruano _948403 |
||
| 650 |
_aConservación de la naturaleza _944113 |
||
| 650 |
_aSiglo XX _948404 |
||
| 942 |
_2ddc _cLIBROS |
||
| 945 | _arac | ||